Statistics for Name a Country with 4 to 32 Letters

Click here to take the quiz!

General Stats

  • This quiz has been taken 138 times
  • The average score is 17 of 22

Answer Stats

LettersCountries% Correct
6Angola | Belize | Bhutan | Brazil | Brunei | Canada | Cyprus | France | Gambia | Greece | Guinea | Guyana | Israel | Jordan | Kosovo | Kuwait | Latvia | Malawi | Mexico | Monaco | Norway | Panama | Poland | Russia | Rwanda | Serbia | Sweden | Taiwan | Turkey | Tuvalu | Uganda | Zambia
100%
4Chad | Cuba | Fiji | Iran | Iraq | Laos | Mali | Oman | Peru | Togo
100%
5Benin | Chile | China | Egypt | Gabon | Ghana | Haiti | India | Italy | Japan | Kenya | Libya | Malta | Nauru | Nepal | Niger | Palau | Qatar | Samoa | Spain | Sudan | Syria | Tonga | Yemen
99%
7Algeria | Andorra | Armenia | Austria | Bahamas | Bahrain | Belarus | Belgium | Bolivia | Myanmar | Burundi | Comoros | Croatia | Denmark | Ecuador | Eritrea | Estonia | Finland | Georgia | Germany | Grenada | Hungary | Iceland | Ireland | Jamaica | Lebanon | Lesotho | Liberia | Moldova | Morocco | Namibia | Nigeria | Romania | Senegal | Somalia | Tunisia | Ukraine | Uruguay | Vanuatu | Vietnam
97%
8Barbados | Botswana | Bulgaria | Cambodia | Cameroon | Colombia | Djibouti | Dominica | Ethiopia | Honduras | Kiribati | Malaysia | Maldives | Mongolia | Pakistan | Paraguay | Portugal | Slovakia | Slovenia | Suriname | Eswatini | Tanzania | Thailand | Zimbabwe
94%
11Ivory Coast | El Salvador | Netherlands | New Zealand | North Korea | Philippines | Saint Lucia | South Korea | South Sudan | Switzerland
90%
32Democratic Republic of the Congo | Saint Vincent and the Grenadines
89%
10Azerbaijan | Bangladesh | Cape Verde | Costa Rica | East Timor | Kazakhstan | Kyrgyzstan | Luxembourg | Madagascar | Mauritania | Montenegro | Mozambique | San Marino | Seychelles | Tajikistan | Uzbekistan
88%
9Argentina | Australia | Guatemala | Indonesia | Lithuania | Mauritius | Nicaragua | Singapore | Sri Lanka | Venezuela
87%
13Guinea-Bissau | Liechtenstein | United States
87%
21Republic of the Congo | Saint Kitts and Nevis | São Tomé and Príncipe
84%
12Burkina Faso | Saudi Arabia | Sierra Leone | South Africa | Turkmenistan | Vatican City
82%
14Czech Republic | United Kingdom
75%
16Marshall Islands | Papua New Guinea
75%
19Trinidad and Tobago
68%
15North Macedonia | Solomon Islands
64%
30Federated States of Micronesia
63%
20United Arab Emirates
63%
18Dominican Republic
58%
24Central African Republic
54%
22Bosnia and Herzegovina
48%
17Equatorial Guinea
31%

Score Distribution

Percentile by Number Answered

Percent of People with Each Score

Your Score History

You have not taken this quiz